Urbarhandschriften als stadtgeschichtliche und sprachgeschichtliche Quellen
| Titel: | Urbarhandschriften als stadtgeschichtliche und sprachgeschichtliche Quellen : Zum Oppelner Urbarium (1566) |
|---|---|
| Verfasser: | |
| In: |
Städtische Räume als kulturelle Identitätsstrukturen, (2007), Seite 207-216 alle Artikel anzeigen |
| Veröffentlicht: | 2007 |
| Format: | Aufsatz |
| Sprache: | Deutsch |
X
alg: 39225290 001A $01999:11-11-16 001B $01999:12-03-21 $t19:06:23.000 001D $01999:11-11-16 001U $0utf8 001X $00 002@ $0Aox 003@ $0392252902 007A $0392252902 $aHEB 007T $0Herdc0046668m 010@ $ager 011@ $a2007 021A $aUrbarhandschriften als stadtgeschichtliche und sprachgeschichtliche Quellen $dZum Oppelner Urbarium (1566) 028A $aLasatowicz $dMaria Katarzyna 031A $h207-216 $j2007 039B $aIn $8--Aay--. Städtische Räume als kulturelle Identitätsstrukturen. - 1. Aufl.. - Berlin : trafo, 2007. - 394 S.. - Ill.. - ISBN 978-3-89626-620-0 $x200700000000000793 $9197509002 045F $a900.943809031 $eDDC23BSB 045F/01 $a900 045F/03 $f09031 045F/03 $f9032 045F/03 $f9033 045F/03 $g438 045F/03 $g4385 lok: 39225290 78 exp: 39225290 78 1 #EPN 201B/01 $007-12-17 $t23:38:52.000 201U/01 $0utf8 203@/01 $0788349260 208@/01 $a11-11-16 $be 209A/01 $a/ $f000 $x00 220C/01 $aTitelaufnehmer: pg;gk 220C/01 $aHerkunft: HI Marburg 244Z/01 $2Trx $#Silesia $#Śląsk $#Sliezsko $#Slezsko $8--Trx--Schlesien $x01 $9391173987 244Z/01 $2Trx $#Poola $#Lenkija $#Polija $#Polen Land $#Poland $#Lengyelország $#Poľsko $#Polsko $8--Trx--Polska$gkraj $x02 $9391345966 244Z/01 $#Oppeln $71008442-3 $8--Tg1--Opole $x03 $9041913132 244Z/01 $aGeschichte 1566 $x04 244Z/01 $2Trx $#maaomandi registrid $#dvarų sąskaitų knygos $#Landed property registries $#birtokjegyzékek $#urbarze $#urbáre $#urbáře $8--Trx--Urbare $x05 $939136877X 244Z/01 $2Trx $#elanike nimistud $#gyventojų surašymai $#lists of inhabitants $#népességi nyilvántartások $#spisy mieszkańców $#zoznamy obyvateľov $#seznamy obyvatel $8--Trx--Einwohnerverzeichnisse $x06 $9391384120 244Z/01 $2Trx $#keeleteadus $#kalbotyra $#Linguistics $#nyelvtudomány $#językoznawstwo $#jazykoveda $#jazykověda $#Linguistik $#lingvistika $8--Trx--Sprachwissenschaft $x07 $939137124X 244Z/01 $2Trx $#käsikirjad $#rankraščiai $#Manuscripts $#kéziratok $#rękopisy $#rukopisy $#rukopisy $8--Trx--Handschriften $x08 $9391380524 244Z/01 $2Trx $#majandus üldine $#ūkis bendras $#general economics $#gazdaság általános $#gospodarka ogólnie $#hospodárstvo všeobecne $#hospodářství všeobecně $8--Trx--Wirtschaft$gallgemein $x09 $9391362542 244Z/01 $2Trx $8--Trx--Einzelbeiträge $x10 $9391384570 245Z/01 $a13.03 $x01 245Z/01 $a03.03.02 $x02 247C/01 $82080>Marburg/Lahn, Herder-Institut, Forschungsbibliothek, Bibliographieportal $9336309341
| LEADER | 00000caa a22000002c 4500 | ||
|---|---|---|---|
| 001 | 392252902 | ||
| 003 | DE-603 | ||
| 005 | 20210312190623.0 | ||
| 007 | tu | ||
| 008 | 161111s2007 xx |||| | u00||u|ger c | ||
| 035 | |a (DE-599)HEB392252902 | ||
| 040 | |a DE-603 |b ger |c DE-603 |d DE-603 | ||
| 041 | |a ger | ||
| 082 | 0 | 4 | |8 1\u |a 900.943809031 |q DE-101 |2 23/BSB |
| 085 | |8 1\u |b 900 | ||
| 085 | |8 1\u |z 1 |s 09031 | ||
| 085 | |8 1\u |z 1 |s 9032 | ||
| 085 | |8 1\u |z 1 |s 9033 | ||
| 085 | |8 1\u |z 2 |s 438 | ||
| 085 | |8 1\u |z 2 |s 4385 | ||
| 100 | 1 | |a Lasatowicz, Maria Katarzyna | |
| 245 | 0 | 0 | |a Urbarhandschriften als stadtgeschichtliche und sprachgeschichtliche Quellen |b Zum Oppelner Urbarium (1566) |
| 264 | 0 | |c 2007 | |
| 773 | 0 | 8 | |i In |t Städtische Räume als kulturelle Identitätsstrukturen |b 1. Aufl. |d Berlin : trafo, 2007 |h 394 S., Ill. |z 9783896266200 |z 3896266209 |g (2007), Seite 207-216 |w (DE-603)197509002 |
| 924 | 0 | |9 2080 |a (DE-603)788349260 |b DE-2080 |c HES |d d |g / | |


